Zákon č. 43/2004 Z.z. z 20. januára 2004 o starobnom dôchodkovom sporení a o zmene a doplnení niektorých zákonov v znení zákona č. 186/2004 Z.z. výňatok
Zákon č. 43/2004 Z.z. vymedzuje starobné dôchodkové sporenie, upravuje rozsah, právne vzťahy, organizáciu, financovanie a dohľad nad vykonávaním starobného dôchodkového sporenia.
Enregistré dans:
| Format: | Chapitre de livre |
|---|---|
| Langue: | slovaque |
| Sujets: | |
| Tags: |
Pas de tags, Soyez le premier à ajouter un tag!
|
MARC
| LEADER | 00000naa$a2200000$$$4500 | ||
|---|---|---|---|
| 001 | 0011857 | ||
| 005 | 20230925073955.0 | ||
| 041 | 0 | |a slo | |
| 044 | |a SK | ||
| 245 | 1 | 0 | |a Zákon č. 43/2004 Z.z. z 20. januára 2004 o starobnom dôchodkovom sporení a o zmene a doplnení niektorých zákonov v znení zákona č. 186/2004 Z.z. |b výňatok |
| 520 | |a Zákon č. 43/2004 Z.z. vymedzuje starobné dôchodkové sporenie, upravuje rozsah, právne vzťahy, organizáciu, financovanie a dohľad nad vykonávaním starobného dôchodkového sporenia. | ||
| 610 | 2 | 0 | |a dôchodky starobné |
| 610 | 2 | 0 | |a sporenie obyvateľstva |
| 610 | 2 | 0 | |a sporenie dôchodkové starobné |
| 610 | 2 | 0 | |a zákony |
| 610 | 2 | 0 | |a Slovensko |
| 610 | 2 | 0 | |a 2004 |